000 00975nam a22003137a 4500
001 BR0702382
003 BR-BrBNA
005 20230928102423.0
007 ta
008 230509b bl.||||| |||| 00| 0 por d
040 _aBR-BrBNA
_bpor
_cBiblioteca Nacional de Agricultura
041 _a(Por)
072 _aP01; E14
090 _ P01 BR0702382
110 1 _aMinistério do Maeio Ambiente, Brasília, DF (Brasil)
_97517
245 1 _aComponente ações de conservação da Mata Atlântica; chamada 3; projetos de âmbito local e regional, pequenos e grandes projetos
260 3 _aBrasília, DF (Brasil):
_c2006.
300 _a34 p.
500 _aInclue DC room
650 _aMEIO AMBIENTE
650 _aMATA
650 _aPOLÍTICA FLORESTAL
650 _aPLANEJAMENTO FLORESTAL
650 _aPLANEJAMENTO REGIONAL
650 _aPROJETO DE DESENVOLVIMENTO
650 _aPRESERVAÇÃO DA NATUREZA
909 _a202309
_bLucia
_c55
_dLucia Elande
942 _cBK
999 _c70689
_d70689